Atlas de la geografía física de la República de Chile / (Record no. 162210)
[ view plain ]
| 000 -LEADER | |
|---|---|
| campo de control de longitud fija | 01166nam a22002415i 4500 |
| 001 - NÚMERO DE CONTROL | |
| campo de control | 162210 |
| 003 - IDENTIFICADOR DE NÚMERO DE CONTROL | |
| campo de control | ES-MaACL |
| 005 - FECHA Y HORA DE LA ÚLTIMA TRANSACCIÓN | |
| campo de control | 20230906212444.0 |
| 008 - DATOS DE LONGITUD FIJA--INFORMACIÓN GENERAL | |
| campo de control de longitud fija | 010914s1875 fr af |||| | spa d |
| 080 ## - NÚMERO DE LA CLASIFICACIÓN DECIMAL UNIVERSAL | |
| Número de la Clasificación Decimal Universal | 913(83)(084.12) |
| 100 1# - ENTRADA PRINCIPAL--NOMBRE DE PERSONA | |
| Nombre de persona | Pissis, A. |
| 9 (RLIN) | 131185 |
| 245 10 - MENCIÓN DEL TÍTULO | |
| Título | Atlas de la geografía física de la República de Chile / |
| Mención de responsabilidad, etc. | por A. Pissis. |
| 246 3# - FORMA VARIANTE DEL TITULO | |
| Título propio/Titulo breve | Geografía física de la República de Chile |
| 260 ## - PUBLICACIÓN, DISTRIBUCIÓN, ETC. | |
| Lugar de publicación, distribución, etc. | París : |
| Nombre del editor, distribuidor, etc. | Instituto Geográfico de París : |
| -- | Ch. Delagrave, |
| Fecha de publicación, distribución, etc. | 1875 ( |
| Fabricante | Ttyp. de Rouge, Dunon et Fresné) |
| 300 ## - DESCRIPCIÓN FÍSICA | |
| Extensión | [4] p., [23] h. de lám. col. y n. ; |
| Dimensiones | 30 x 41 cm. |
| 530 ## - NOTA DISPONIBLE DE FORMULARIO FÍSICO ADICIONAL | |
| Nota de formato físico adicional disponible | Disponible en formato digital la obra completa: Geografía física de la República de Chile. |
| 599 ## - NOTA A LAS ILUSTRACIONES | |
| NOTA A LAS ILUSTRACIONES | Lám.: ¨Gravé chez I. Wuhrer¨ y ¨Eug. Ciceri lith.¨. |
| 651 #4 - PUNTO DE ACCESO ADICIONAL DE MATERIA--NOMBRE GEOGRÁFICO | |
| Nombre geográfico | Chile- |
| Subdivisión general | Geografía física. |
| 9 (RLIN) | 173756 |
| 651 #4 - PUNTO DE ACCESO ADICIONAL DE MATERIA--NOMBRE GEOGRÁFICO | |
| Nombre geográfico | Chile- |
| Subdivisión de forma | Obras ilustradas. |
| 9 (RLIN) | 173757 |
| 752 ## - ENTRADA AGREGADA--NOMBRE JERÁRQUICO DEL LUGAR | |
| País o entidad superior | Francia - |
| Ciudad | París |
| 852 4# - LOCALIZACIÓN | |
| Ubicación | ES-MaACL |
| Número de control de estantería | F-13873 |
| Nota libre | - Enc. piel editorial |
| -- | - Dedicatoria autógrafa de L. M. Cardazo |
| 856 4# - LOCALIZACIÓN Y ACCESO ELECTRÓNICOS | |
| Identificador Uniforme de Recursos | <a href="http://bdh-rd.bne.es/viewer.vm?id=0000049874&page=1 ">http://bdh-rd.bne.es/viewer.vm?id=0000049874&page=1 </a> |
| Nota pública | Biblioteca Digital Hispánica |
| -- | (Geografía física de la República de Chile) |
| Estatus retirado | Estado de pérdida | Estado de daño | No para préstamo | Colección | Biblioteca de origen | Biblioteca actual | Ubicación en estantería | Fecha de adquisición | Fuente de adquisición | Total de préstamos | Signatura topográfica completa | Código de barras | Visto por última vez | Precio de reemplazo | Tipo de ítem Koha |
|---|---|---|---|---|---|---|---|---|---|---|---|---|---|---|---|
| Colección digital | Biblioteca del Ateneo de Madrid | Biblioteca del Ateneo de Madrid | Sala Pecera Planta 2 | 17/01/2008 | F-13873 | 1169935 | 23/02/2023 | 23/02/2023 | Libro impreso antiguo |
